00976nam a2200277 a 450000100100000000500170001000800410002704000250006808200220009310000400011524500640015524600240021925000120024326000350025530000270029049000450031750000320036265000270039465000310042174000240045283000630047691000070053904900090054695201260055599900170068100001998620200929170222.0100709s1980 sp 001 d spa d aDO-SdBNPbspacBNPHU a862.5bZ88d, 19801 aZorrilla, José,d1817-1893.9493910aDon Juan Tenorio :bel puñal del Godo /cJosé Zorrilla.33aEl puñal del Godo a11a ed. aMadrid :bEspasa-Calpe,c1980. a176, [16] p. ;c18 cm.1 aAustral. Violeta: teatro y poesíav180 aIncluye índice de autores 4aTeatro español93071 4aLiteratura española96323 aEl puñal del Godo 0aAustral.pAustral. Violeta: teatro y poesía;v180941469 aWM aBNGR 001054708MOaGRbGRcHDd2010-07-09iLF1l0o862.5 Z88d, 1980p19986-10r2020-06-25w2020-06-25y4ZPréstamo en sala c19498d19498